| 000 | 01055nam a2200265Ia 4500 | ||
|---|---|---|---|
| 003 | OSt | ||
| 005 | 20200827113630.0 | ||
| 008 | 191128s2009 ck fr 001 0 spa d | ||
| 020 | _a9789588465173 | ||
| 040 |
_aCO-JMCR _cCO-JMCR |
||
| 041 | 0 | _aspa | |
| 082 | 0 | 4 |
_a350.7232 / _bC677c _223 |
| 100 | 1 |
_aCorredor Cabrales, Edison Ariel, _eautor _99344 |
|
| 245 | 1 | 0 |
_aControl fiscal en Colombia : _bapuntes de acción y reflexión / _cE. Ariel Corredor C. |
| 250 | _aPrimera edición | ||
| 260 |
_aBogotá : _bUniversidad Católica de Colombia, _c2009 |
||
| 300 |
_a344 páginas ; _c21 cm. |
||
| 490 | 0 |
_aEstudios de derecho ; _v4 |
|
| 500 | _aIncluye índice onomástico y notas a pie de páginas. | ||
| 504 | _aBibliografía: páginas 329-340 | ||
| 505 | 0 | _aTeoría general del control y del control fiscal, historia general y desarrollo en Colombia -- Teoría del daño. Historia y tipología, breve reseña histórica de la responsabilidad | |
| 650 | 1 | 4 |
_aAdministración pública _99345 |
| 650 | 1 | 4 |
_aAuditoria fiscal _94375 |
| 942 |
_2ddc _cBK |
||
| 999 |
_c5786 _d5786 |
||